| 000 | 00684nam a22002057a 4500 | ||
|---|---|---|---|
| 003 | OSt | ||
| 005 | 20240717062152.0 | ||
| 008 | 240717b |||||||| |||| 00| 0 eng d | ||
| 040 |
_aDWCL- Main lib. _cOC |
||
| 082 | _a657.0218 B188c 2020 | ||
| 100 | _aBallada, Win | ||
| 245 |
_aConceptual framework and accounting standards : made easy / _cWin Ballada |
||
| 250 | _a 1st edition | ||
| 260 |
_a [Manila, Philippines : _bDomeDane Publishers & made easy books, _cc2020. |
||
| 300 |
_axvi, in various pagings : _b illustrations ; 2 _c26cm. |
||
| 650 | _a1. Accounting. | ||
| 650 | _a 2. Financial Accounting | ||
| 650 | _a3. Accounting standards | ||
| 942 |
_2ddc _cBK - FIL _kFil. _n1 |
||
| 999 |
_c2319 _d2319 |
||